000 00828nam a2200229Ii 4500
003 JO-AjNU
008 230605s9999||||xx |||||||||||||| ||und||
017 _a1019/17456
020 _a978-977-722-163-4
040 _aJO-AjNU
_bara
_erda
_cJO-AjNU
041 _aara
050 1 4 _aQ180 2020
100 3 _aتاليف ان تشين، بيفرلي؛ ترجمة زينب صالح الاشوح,
_eauthor
_959775
245 0 0 _aكيف تكتب ورقة بحثية رائعة: اليك المفاتيح السبعة للنجاح
250 _aط1
264 3 1 _aالقاهرة: المجموعة العربية للتدريب والنشر، 2020
300 _a136ص
336 _atext
_btxt
_2rdacontent
337 _aunmediated
_bn
_2rdamedia
338 _avolume
_bnc
_2rdacarrier
650 4 _aالبحث-طرق البحث
_959776
999 _aA26916
_c30484
_d30484